Catálogo público

Los enemigos de los parásitos de las plantas; los afelininos (Record no. 73206)

MARC details
000 -CABECERA
campo de control de longitud fija 01085cam a22003017a 4500
003 - IDENTIFICADOR DEL NÚMERO DE CONTROL
campo de control CHAP
005 - FECHA Y HORA DE LA ÚLTIMA TRANSACCIÓN
campo de control 20220329141737.0
008 - DATOS DE LONGITUD FIJA--INFORMACIÓN GENERAL
campo de control de longitud fija 971013s1912 r 00010 d
010 ## - NÚMERO DE CONTROL DE LA BIBLIOTECA DEL CONGRESO
Número de control de LC 73206
011 ## - ENLACE DEL NUMERO DE CONTROL DE LA BIBLIOTECA DEL CONGRESO [OBSOLETO]
Número de control de LC 74178
035 ## - NÚMERO DE CONTROL DEL SISTEMA
Número de control de sistema 83737
040 ## - FUENTE DE LA CATALOGACIÓN
Centro/agencia transcriptor CHAP
082 ## - NÚMERO DE LA CLASIFICACIÓN DECIMAL DEWEY
Número de clasificación 595.79
Número de documento/Ítem G37
100 00 - ENTRADA PRINCIPAL--NOMBRE DE PERSONA
Nombre de persona García Mercet, Ricardo.
9 (RLIN) 46300
245 14 - MENCIÓN DE TÍTULO
Título Los enemigos de los parásitos de las plantas; los afelininos
260 ## - PUBLICACIÓN, DISTRIBUCIÓN, ETC.
Lugar de publicación, distribución, etc. Madrid :
Nombre del editor, distribuidor, etc. Instituto Nacional de Ciencias Físico-Natuales,
Fecha de publicación, distribución, etc. 1912
300 ## - DESCRIPCIÓN FÍSICA
Extensión 306 p.
Otras características físicas : ilus.
490 #0 - MENCIÓN DE SERIE
Mención de serie Instituto Nacional de Ciencias Físico-Naturales. Trabajos del Museo de Ciencias Naturales
590 ## - NOTA LOCAL (RLIN)
Nota local BATCH-UPD
Procedencia (VM) [OBSOLETO] 10
Condición del los carretes individuales (VM) [OBSOLETO] 20130110
-- UCH01
-- 0246
590 ## - NOTA LOCAL (RLIN)
Nota local BATCH-UPD
Procedencia (VM) [OBSOLETO] 10
Condición del los carretes individuales (VM) [OBSOLETO] 20130409
-- UCH01
-- 2316
590 ## - NOTA LOCAL (RLIN)
Nota local BATCH-UPD
Procedencia (VM) [OBSOLETO] 10
Condición del los carretes individuales (VM) [OBSOLETO] 20130913
-- UCH01
-- 1951
590 ## - NOTA LOCAL (RLIN)
Nota local CONVERSION
Procedencia (VM) [OBSOLETO] 10
Condición del los carretes individuales (VM) [OBSOLETO] 20130109
-- UCH01
-- 1340
650 14 - PUNTO DE ACCESO ADICIONAL DE MATERIA--TÉRMINO DE MATERIA
Término de materia o nombre geográfico como elemento de entrada Afelininos.
9 (RLIN) 1024
830 0# - PUNTO DE ACCESO ADICIONAL DE SERIE-TÍTULO UNIFORME
Título uniforme Instituto Nacional de Ciencias Físico-Naturales. Trabajos del Museo de Ciencias Naturales
9 (RLIN) 59294
901 ## - ELEMENTOS DE DATOS A LOCAL LDA (RLIN)
a BK
942 ## - ELEMENTOS DE PUNTO DE ACCESO ADICIONAL (KOHA)
Tipo de ítem Koha Libro
949 ## - PROCESAMIENTO DE INFORMACIÓN LOCAL (OCLC)
a 595.79 G37
b BC
c BPP
d -38488
e LIBRO
h 32100
i 83737
s i
Holdings
Estado de retiro Estado de pérdida Fuente del sistema de clasificación o colocación Estado dañado Restricciones de uso No para préstamo Código de colección Localización permanente Ubicación/localización actual Fecha de adquisición Información codificada de la localización en otra ubicación Total de préstamos Signatura topográfica completa Código de barras Fecha visto por última vez Precio válido a partir de Tipo de ítem Koha
    Dewey Decimal Classification   Préstamo interno   Fondo Reservado Biblioteca Central Biblioteca Central 31/12/2019 LIBRO   595.79 G37 -38488 31/12/2019 31/12/2019 Libro